000
00285nam a2200109Ia 4500
005
20251222144842.0
008
251222s9999||||xx |||||||||||||| ||spa||
082
_a
869.261/U61
245
0
_a
Siete Cuentos para Borges:
264
_b
Universidad Nacional Mayor de San Marcos
942
_c
LIB
999
_c
21267
_d
21267